Giải tích toán học

שמור ב:
מידע ביבליוגרפי
מחבר ראשי: Vũ Tuấn
פורמט: ספר
שפה:Undetermined
יצא לאור: Hà Nội Giáo dục 1988
נושאים:
תגים: הוספת תג
אין תגיות, היה/י הראשונ/ה לתייג את הרשומה!
Thư viện lưu trữ: Trung tâm Học liệu Trường Đại học Cần Thơ
LEADER 00556nam a2200193Ia 4500
001 CTU_35698
008 210402s9999 xx 000 0 und d
082 |a 515 
082 |b T502/P1/T2 
100 |a Vũ Tuấn 
245 0 |a Giải tích toán học 
245 0 |c Vũ Tuấn,Phan Đức Thành,Ngô Xuân Sơn 
260 |a Hà Nội 
260 |b Giáo dục 
260 |c 1988 
526 |a Toán cho vật lý 1 
526 |b SP142 
650 |a mathematical analysis 
980 |a Trung tâm Học liệu Trường Đại học Cần Thơ